000 00607nam a2200217Ia 4500
005 20241129111443.0
008 241129s9999||||xx |||||||||||||| ||und||
020 _a978-81-19533-02-2
037 _aTB
040 _aCRL
_beng
_cCRL
041 _aurd
_2urd
084 _aO168,1NKHx R4
_qCRL
100 _aKhan Jawaid Akhtar Au.
_9724450
245 0 _aAab-e-aatish ke darmiyan
_cKhan Jawaid Akhtar Au.
260 _aDelhi, India
_bArshia Publications
_c2024
300 _a221p.
365 _aINR
_b400
650 _aUrdu Poetry
942 _cTB
_hO168,1NKHx R4
999 _c1230538
_d1230538